Gasellit - "Zen" - sanat - Statistics

Yleistilastot
  • Tätä visaa on pelattu 25 kertaa
  • Keskiarvotulos 201 / 291
Vastaustilastot
Vastaus % Oikein
100%
niin
100%
oo
100%
saatanan
100%
täs
100%
tasapainoinen
100%
zen
100%
mut
95%
oon
95%
tälläinen
95%
tällainen
95%
vaan
95%
ja
90%
levollinen
90%
olla
90%
en
85%
ku
85%
on
85%
pitäis
85%
ei
80%
et
80%
mun
80%
aikaa
75%
huolii
75%
nojatuoli
75%
se
75%
terapeutil
75%
upottava
75%
auta
70%
huntil
70%
joo
70%
kuunnella
70%
mielen
70%
enää
65%
jotka
65%
kun
65%
makso
65%
meditoida
65%
mitä
65%
mua
65%
mul
65%
pääl
65%
saatava
65%
sen
65%
täältä
65%
tai
65%
tunti
65%
tuoksukynttilät
65%
viedä
65%
vittuun
65%
ahdistus
60%
alkava
60%
digidementia
60%
jengi
60%
jos
60%
kaikki
60%
mieli
60%
niinku
60%
päällä
60%
sit
60%
sukupolvikokemus
60%
ehkä
55%
elää
55%
hetkessä
55%
ikin
55%
istuu
55%
köyhempii
55%
mielenrauhaa
55%
osaa
55%
samaistuu
55%
tilantees
55%
venetsia
55%
voisin
55%
aamujurris
50%
alas
50%
anteeks
50%
beigee
50%
enhän
50%
etuoikeuksia
50%
harmaa
50%
hullumpii
50%
hyvältä
50%
jengii
50%
joilla
50%
kallista
50%
keskeytän
50%
kuuluu
50%
mustikoilla
50%
niitä
50%
ostin
50%
paris
50%
poika
50%
poikkeustilas
50%
ruohonjuureen
50%
salaliittoon
50%
seki
50%
senkin
50%
suureen
50%
tuhti
50%
tulvii
50%
tunnis
50%
tuntuu
50%
tuu
50%
vitun
50%
vituttaa
50%
ahistanu
45%
ahmin
45%
ain
45%
aina
45%
että
45%
hampaat
45%
hymy
45%
hyytyy
45%
ikinä
45%
ikkunast
45%
joku
45%
joogamaton
45%
löytyy
45%
muut
45%
nään
45%
niiden
45%
niil
45%
nousen
45%
pelkil
45%
pitsaa
45%
täytyy
45%
vaivaannun
45%
valaistuu
45%
valasee
45%
valmista
45%
vantaan
45%
värikäs
45%
veikee
45%
viel
45%
enkä
40%
globaalisti
40%
haalistumas
40%
hikee
40%
kipee
40%
kokoajan
40%
lojuu
40%
meditoimal
40%
muulloinki
40%
olo
40%
ongelmallista
40%
ongelmat
40%
onnistunu
40%
otsa
40%
pikkuhiljaa
40%
pinkoo
40%
silti
40%
sohvalta
40%
tollee
40%
tossa
40%
usko
40%
valuu
40%
heti
35%
höyhenii
35%
kohentus
35%
loistaa
35%
näiden
35%
puudutust
30%
paikkallist
25%
säteilen
25%
töissä
25%
ääniwallissa
20%
haitallist
20%
khyä
15%
lifekoutsil
15%
ttyli
5%
Ehtoja vastaavia visoja ei löytynyt
Tulosjakauma
Jokaisen tuloksen saaneiden osuus
Persentiili vastausten määrän mukaan
Tuloshistoriasi
Et ole pelannut tätä visaa